Alternativas para la enseñanza-aprendizaje de la lengua en el aula : (Record no. 188071)

MARC details
000 -CABECERA
campo de control de longitud fija 00786nam a2200217 u 4500
005 - FECHA Y HORA DE LA ÚLTIMA TRANSACCIÓN
campo de control 20240611063724.0
008 - ELEMENTOS DE LONGITUD FIJA--INFORMACIÓN GENERAL
campo de control de longitud fija 170213s1996 mx r 000 0 spa d
020 ## - NÚMERO INTERNACIONAL NORMALIZADO PARA LIBROS
Número Internacional Estándar del Libro 9687742380
035 ## - NÚMERO DE CONTROL DEL SISTEMA
Número de control de sistema UPN01000215971
049 ## - COLECCIÓN
Colección CG
050 #4 - SIGNATURA TOPOGRÁFICA DE LA BIBLIOTECA DEL CONGRESO
Número de clasificación LC5309 U5.9
Número de documento/Ítem L4.001-4 1996 AC
245 10 - MENCIÓN DE TÍTULO
Título Alternativas para la enseñanza-aprendizaje de la lengua en el aula :
Resto del título antología complementaria /
Mención de responsabilidad, etc. Coord. Xóchitl Leticia, Moreno Fernández.
260 ## - PUBLICACIÓN, DISTRIBUCIÓN, ETC.
Lugar de publicación, distribución, etc. México :
Nombre del editor, distribuidor, etc. UPN,
Fecha de publicación, distribución, etc. 1996.
300 ## - DESCRIPCIÓN FÍSICA
Extensión 117 p. ;
Otras características físicas il., figs.
500 ## - NOTA GENERAL
Nota general "Licenciatura en Educación Plan 94"
650 #4 - ASIENTO SECUNDARIO DE MATERIA - TERMINO TEMATICO
Término de materia o nombre geográfico como elemento de entrada Español
Subdivisión general Gramática
-- Estudio y enseñanza
9 (RLIN) 9372
650 #4 - ASIENTO SECUNDARIO DE MATERIA - TERMINO TEMATICO
Término de materia o nombre geográfico como elemento de entrada Escritura
Subdivisión general Estudio y enseñanza
9 (RLIN) 6154
700 1# - ASIENTO SECUNDARIO--NOMBRE DE PERSONAL
Nombre de persona Moreno Fernández, Xóchitl Leticia,
Término indicativo de función/relación coord.
9 (RLIN) 29396
905 ## - TIPO DE MATERIAL
Tipo de material Libro
Holdings
Estado de retiro Estado de pérdida Fuente del sistema de clasificación o colocación Estado dañado No para préstamo Código de colección Localización permanente Ubicación/localización actual Ubicación en estantería Total de préstamos Clasificación Código de barras Fecha visto por última vez Número de copia Tipo de ítem Koha
    Library of Congress Classification     Colección General Bib. Gregorio Torres Quintero Bib. Gregorio Torres Quintero Planta baja   LC5309 U5.9 L4.001-4 1996 AC 315291 31/12/2020 1 Libro